000 00562nam a22001937a 4500
005 20251108164821.0
008 250721s9999 xx 000 0 ara d
082 1 4 _a813.0962/نبي
100 1 _aراغب، نبيل
245 1 0 _aفن الرواية عند يوسف السباعي /
264 1 _aالقاهرة :
_bمكتبة الخانجي،
_c[19-].
300 _a356ص
650 1 7 _aالقصص العربية
650 1 7 _aالتاريخ الأدبي
650 1 7 _aالنقد الأدبي
650 1 7 _aمصر
942 _2ddc
_cBK
999 _c15077
_d15077